<?xml version="1.0" encoding="UTF-8"?>
<record
    xmlns:xsi="http://www.w3.org/2001/XMLSchema-instance"
    xsi:schemaLocation="http://www.loc.gov/MARC21/slim http://www.loc.gov/standards/marcxml/schema/MARC21slim.xsd"
    xmlns="http://www.loc.gov/MARC21/slim">

  <leader>01620cam a2200397 i 4500</leader>
  <controlfield tag="001">zz2003981188</controlfield>
  <controlfield tag="003">NUKAT</controlfield>
  <controlfield tag="005">20260427220514.0</controlfield>
  <controlfield tag="008">030611s1912    pl           |001 0 pol c</controlfield>
  <datafield tag="035" ind1=" " ind2=" ">
    <subfield code="a">(OCoLC)1412990329</subfield>
  </datafield>
  <datafield tag="035" ind1=" " ind2=" ">
    <subfield code="a">(NUKAT)zz2003981188</subfield>
  </datafield>
  <datafield tag="040" ind1=" " ind2=" ">
    <subfield code="a">LUBL M/mm</subfield>
    <subfield code="c">LUBL M/mm</subfield>
    <subfield code="d">LUBL M/JD</subfield>
    <subfield code="d">GD U/KMs</subfield>
    <subfield code="d">TOR U/WS</subfield>
  </datafield>
  <datafield tag="041" ind1="0" ind2=" ">
    <subfield code="a">pol</subfield>
    <subfield code="a">fre</subfield>
  </datafield>
  <datafield tag="100" ind1="1" ind2=" ">
    <subfield code="a">Iwaszkiewicz, Janusz</subfield>
    <subfield code="d">(1879-1944).</subfield>
    <subfield code="9">40716</subfield>
  </datafield>
  <datafield tag="245" ind1="1" ind2="0">
    <subfield code="a">Litwa w roku 1812 /</subfield>
    <subfield code="c">przez Janusza Iwaszkiewicza.</subfield>
  </datafield>
  <datafield tag="260" ind1=" " ind2=" ">
    <subfield code="a">Krak&#xF3;w ;</subfield>
    <subfield code="a">Warszawa :</subfield>
    <subfield code="b">Druk W. L. Anczyca i Sp&#xF3;&#x142;ki,</subfield>
    <subfield code="c">1912.</subfield>
  </datafield>
  <datafield tag="300" ind1=" " ind2=" ">
    <subfield code="a">XIV, 439, [2] s. :</subfield>
    <subfield code="b">err. ;</subfield>
    <subfield code="c">23 cm.</subfield>
  </datafield>
  <datafield tag="336" ind1=" " ind2=" ">
    <subfield code="a">Tekst</subfield>
    <subfield code="b">txt</subfield>
    <subfield code="2">rdacontent</subfield>
  </datafield>
  <datafield tag="337" ind1=" " ind2=" ">
    <subfield code="a">Bez urz&#x105;dzenia po&#x15B;rednicz&#x105;cego</subfield>
    <subfield code="b">n</subfield>
    <subfield code="2">rdamedia</subfield>
  </datafield>
  <datafield tag="338" ind1=" " ind2=" ">
    <subfield code="a">Wolumin</subfield>
    <subfield code="b">nc</subfield>
    <subfield code="2">rdacarrier</subfield>
  </datafield>
  <datafield tag="490" ind1="1" ind2=" ">
    <subfield code="a">Monografie w Zakresie Dziej&#xF3;w Nowo&#x17C;ytnych ;</subfield>
    <subfield code="v">t. 9</subfield>
  </datafield>
  <datafield tag="504" ind1=" " ind2=" ">
    <subfield code="a">Indeks.</subfield>
  </datafield>
  <datafield tag="530" ind1=" " ind2=" ">
    <subfield code="a">Dost&#x119;pne r&#xF3;wnie&#x17C; w formie elektronicznej.</subfield>
  </datafield>
  <datafield tag="546" ind1=" " ind2=" ">
    <subfield code="a">Tekst w przypisach cz&#x119;&#x15B;c. w j&#x119;z. fr.</subfield>
  </datafield>
  <datafield tag="591" ind1=" " ind2=" ">
    <subfield code="a">Wsp&#xF3;&#x142;oprawne z: Rz&#x105;dy rosyjskie w Kraju Tarnopolskim 1809-1815 / przez Jana Leszczy&#x144;skiego. - Krak&#xF3;w ; Warszawa, 1903; nr inw. 15435/3.</subfield>
  </datafield>
  <datafield tag="648" ind1=" " ind2="7">
    <subfield code="a">1801-1900</subfield>
    <subfield code="2">DBN</subfield>
    <subfield code="9">36037</subfield>
  </datafield>
  <datafield tag="651" ind1=" " ind2="7">
    <subfield code="a">Kresy wschodnie Rzeczypospolitej</subfield>
    <subfield code="2">DBN</subfield>
    <subfield code="9">36023</subfield>
  </datafield>
  <datafield tag="651" ind1=" " ind2="7">
    <subfield code="a">Litwa</subfield>
    <subfield code="2">DBN</subfield>
    <subfield code="9">35756</subfield>
  </datafield>
  <datafield tag="651" ind1=" " ind2="7">
    <subfield code="a">Litwa</subfield>
    <subfield code="y">1812 (Okupacja francuska).</subfield>
    <subfield code="2">kaba</subfield>
    <subfield code="9">40718</subfield>
  </datafield>
  <datafield tag="658" ind1=" " ind2=" ">
    <subfield code="a">Historia</subfield>
  </datafield>
  <datafield tag="710" ind1="2" ind2=" ">
    <subfield code="a">W. L. Anczyc i Sp&#xF3;&#x142;ka.</subfield>
    <subfield code="4">pbl</subfield>
    <subfield code="9">4292</subfield>
  </datafield>
  <datafield tag="787" ind1=" " ind2=" ">
    <subfield code="c">15435/3</subfield>
    <subfield code="t">Rz&#x105;dy rosyjskie w Kraju Tarnopolskim 1809-1815</subfield>
    <subfield code="w">zz2004872298</subfield>
  </datafield>
  <datafield tag="830" ind1=" " ind2="0">
    <subfield code="a">Monografie w Zakresie Dziej&#xF3;w Nowo&#x17C;ytnych</subfield>
    <subfield code="v">t. 9</subfield>
    <subfield code="9">4293</subfield>
  </datafield>
  <datafield tag="856" ind1="4" ind2="1">
    <subfield code="u">http://bc.wbp.lublin.pl/publication/15048</subfield>
  </datafield>
  <datafield tag="942" ind1=" " ind2=" ">
    <subfield code="2">ddc</subfield>
    <subfield code="c">BK_NM</subfield>
  </datafield>
  <datafield tag="999" ind1=" " ind2=" ">
    <subfield code="c">27818</subfield>
    <subfield code="d">27818</subfield>
  </datafield>
  <datafield tag="952" ind1=" " ind2=" ">
    <subfield code="0">0</subfield>
    <subfield code="1">0</subfield>
    <subfield code="2">ddc</subfield>
    <subfield code="3">Wsp&#xF3;&#x142;oprawne z: 15435/3</subfield>
    <subfield code="4">0</subfield>
    <subfield code="7">0</subfield>
    <subfield code="8">PBKH</subfield>
    <subfield code="a">BIP</subfield>
    <subfield code="b">PBKH</subfield>
    <subfield code="d">2026-04-27</subfield>
    <subfield code="e">D-35/1964</subfield>
    <subfield code="f">D</subfield>
    <subfield code="l">0</subfield>
    <subfield code="o">15435/3</subfield>
    <subfield code="p">IPWK23821</subfield>
    <subfield code="r">2026-04-27 22:11:15</subfield>
    <subfield code="w">2026-04-27</subfield>
    <subfield code="y">BK_NM</subfield>
  </datafield>
</record>
